000 00679nam a2200157 i 4500
001 bg
245 0 _aBadania dynamiki układów mechanicznych /
_cred. nauk. Ryszard Wiernik.
260 _aWrocław,
_c1975.
490 1 _aPrace Naukowe Instytutu Materiałoznawstwa i Mechaniki Technicznej Politechniki Wrocławskiej =
_aScientific Papers of the Institute of Materials Science and Applied Mechanics of the Technical University of Wrocław ;
_v26
830 0 _aPrace Naukowe Instytutu Materiałoznawstwa i Mechaniki Technicznej Politechniki Wrocławskiej ;
_v26
040 _cBPK
041 _apol
080 _a621.01
942 _cKS
008 s pl f |000 0 pol
999 _c16002
_d16002
856 _uhttp://koha.tu.koszalin.pl/cgi-bin/koha/opac-detail.pl?biblionumber=16002
_yKatalog online BPK